000 00559nam a2200181 4500
001 144210
003 ES-MaACL
005 20230906200951.0
007 t|
008 070214s1965 sp r ||||1| spa d
245 0 0 _aSindicalismo y cooperación.
250 _a2ª ed. ampl.
260 _aMadrid :
_b[s. n.],
_c1965 (
_fBolaños y Aguilar)
300 _a101 p. ;
_c21 cm.
500 _aPrecede al tít.: Organización Sindical Española, Servicios Jurídicos.
710 2 _aOrganización Sindical Española.
_96077
852 _aES-MaACL
_jC-27074
_bR.56048
999 _c144210
_d144210